Argentina potencia mundial (Registro nro. 5320)

Detalles MARC
000 -LEADER
fixed length control field 02030 a2200193 4500
001 - CONTROL NUMBER
control field 54003
005 - DATE AND TIME OF LATEST TRANSACTION
control field 20260407155810.0
008 - FIXED-LENGTH DATA ELEMENTS--GENERAL INFORMATION
fixed length control field 260407a1960 arg spa d
003 - CONTROL NUMBER IDENTIFIER
control field AR-UNSa-BCEJYS
040 ## - CATALOGING SOURCE
Original cataloging agency AR-UNSa-BCEJYS
Language of cataloging spa
Transcribing agency AR-UNSa-BCEJYS
080 ## - UNIVERSAL DECIMAL CLASSIFICATION NUMBER
Universal Decimal Classification number 94(82):33
Common auxiliary subdivision Historia Económica Argentina
100 1# - MAIN ENTRY--PERSONAL NAME
Personal name Noble, Roberto J.
245 10 - TITLE STATEMENT
Title Argentina potencia mundial
264 #1 - PRODUCTION, PUBLICATION, DISTRIBUTION, MANUFACTURE, AND COPYRIGHT NOTICE
Place of production, publication, distribution, manufacture Buenos Aires :
Name of producer, publisher, distributor, manufacturer Ediciones Arayú
Date of production, publication, distribution, manufacture, or copyright notice 1960
300 ## - PHYSICAL DESCRIPTION
Extent 222 p.
Dimensions 20 cm.
505 ## - FORMATTED CONTENTS NOTE
Formatted contents note Primera parte (1960): El desafío-Argentina potencia mundial en potencia - I. La batalla del desarrollo debe darse en todos los frentes - II. Siderurgía-Prioridad número 1 - III. Caminos-Prioridad número 2 - IV. Transportes-Prioridad número 3 - V. Carbón-Prioridad número 4 - VI. Energía-Prioridad número 5 - VII. Petroquímica-Prioridad número 6 - VIII. Argentina potencia mundial-Prioridad nacional absoluta - IX. Recapitulación de las proridades que nos harán potencia mundial - X. Seis prioridades actuando sobre todo el país - Segunda parte (1985): El sueño-Argentina potencia mundial - I. 1985-Argentina potencia mundial - II. Argentina 1985: 65 millones de habitantes - III. Zona noroeste: Tucumán,Salta,La Rioja,Jujuy,Catamarca y Santiago del Estero - IV. Zona del Gran Chaco: Chaco y Formosa - V. Zona Litoral-Mesopotámica: Santa Fé,Entre Ríos,Corrientes y Misiones - VI. Zona Nuevo Cuyo: Mendoza,Neuquén,San Juan,San Luis y Córdoba - VII. Zona La Gran Pampa: Buenos Aires,La Pampa y Río Negro - VIII. Zona Patagonia: Provincias de Chubut y Santa Cruz y territorio nacional de Tierra del Fuego - IX. Tenemos todo para realizar la gran obra - X. Los caminos y las comunicaciones - XI. Petróleo - XII. Energía - XIII. Siderurgía - XIV. Minería - XV. Carbón - XVI. Sierra Grande - XVII. Ganadería - XVIII. Agricultura - XIX. Industrias - XX. Periodismo - XXI. 1985 Así será la Argentina - Tercera parte (1972-1985): La plenitud- Potencia mundial y gran mercado
590 ## - LOCAL NOTE (RLIN)
Local note niveau_biblio:m niveau_hierar:0
942 ## - ADDED ENTRY ELEMENTS (KOHA)
Koha item type
Existencias
Withdrawn status Lost status Damaged status Not for loan Home library Current library Shelving location Date acquired Total checkouts Full call number Barcode Date last seen Price effective from Koha item type
        Biblioteca Prof. Eusebio Cleto del Rey Biblioteca Prof. Eusebio Cleto del Rey   07/04/2026   94(82):33 N747 L20295 07/04/2026 07/04/2026 Libro